书目信息 |
| 题名: |
计算机绘图、建模与演染
|
|
| 作者: | 王成刚 编著 | |
| 分册: | ||
| 出版信息: | 北京 清华大学出版社 2010.09 |
|
| 页数: | 201页, [2] 页图版 | |
| 开本: | 26cm | |
| 丛书名: | ||
| 单 册: | ||
| 中图分类: | TP391.72 | |
| 科图分类: | ||
| 主题词: | 计算机辅助设计--ji suan ji fu zhu she ji--应用软件--教材 , 三维--san wei--动画--图形软件--教材 | |
| 电子资源: | ||
| ISBN: | 978-7-302-23771-6 | |
| 000 | 01678nam0 2200313 450 | |
| 001 | B00000083445 | |
| 005 | 20110716145244.48 | |
| 010 | @a978-7-302-23771-6@dCNY32.00 (含光盘) | |
| 010 | @a978-7-89444-151-5@b光盘 | |
| 100 | @a20101105d2010 km y0chiy50 ea | |
| 101 | 0 | @achi |
| 102 | @aCN@b110000 | |
| 105 | @aakf a 000yy | |
| 106 | @ar | |
| 200 | 1 | @a计算机绘图、建模与演染@Aji suan ji hui tu jian mo yu yan ran@eAutoCAD 3ds Max 快速入门及应用实训教程@f王成刚编著 |
| 210 | @a北京@c清华大学出版社@d2010.09 | |
| 215 | @a201页, [2] 页图版@c图@d26cm@e光盘1片 | |
| 320 | @a有书目 | |
| 330 | @a本立体化教程是在探索、总结多年来教学实践经验的基础上,针对需要快速掌握并运用计算机绘图、建模、动画及渲染技术解决实际问题而创作的。它紧紧围绕“实训案例”解决实际问题而组织教学内容。其教程内容包括:AutocAD二维绘图,AutoCAD三维建模,3ds Max建模、渲染及动画,计算机绘图、建模与渲染综合应用四个部分,充分展现出AutoCAD软件和3ds Max软件各自的优势,形成独特的互补配合。其光盘课件内容包括:电子教案,视频演示,教学资料及原文件,图片及动画欣赏四个部分,与教程紧密配合,使读者在观摩、欣赏中掌握软件的操作技术,实现软件应用能力的提升。全书理论与实践相结合,以32个完整的应用实训案例使教学内容由浅入深地逐步展开。 | |
| 333 | @a可作为需要相关知识人员的培训及自学教材。 | |
| 517 | 1 | @aAutoCAD 3ds Max 快速入门及应用实训教程@AAutoCAD 3ds Max kuai su ru men ji ying yong shi xun jiao cheng |
| 586 | @a | |
| 606 | 0 | @a计算机辅助设计@Aji suan ji fu zhu she ji@x应用软件@j教材 |
| 606 | 0 | @a三维@Asan wei@x动画@x图形软件@j教材 |
| 610 | 0 | @aAutoCAD@AAutoCAD |
| 690 | @aTP391.72@v5 | |
| 701 | 0 | @a王成刚@Awang cheng gang@4编著 |
| 801 | 0 | @aCN@c20110610 |
| 905 | @dTP391.72@eW122@f3 | |
| 计算机绘图、建模与演染:AutoCAD 3ds Max 快速入门及应用实训教程/王成刚编著.-北京:清华大学出版社,2010.09 |
| 201页, [2] 页图版:图;26cm+光盘1片 |
| 使用对象:可作为需要相关知识人员的培训及自学教材。 |
| ISBN 978-7-302-23771-6:CNY32.00 (含光盘) |
| 本立体化教程是在探索、总结多年来教学实践经验的基础上,针对需要快速掌握并运用计算机绘图、建模、动画及渲染技术解决实际问题而创作的。它紧紧围绕“实训案例”解决实际问题而组织教学内容。其教程内容包括:AutocAD二维绘图,AutoCAD三维建模,3ds Max建模、渲染及动画,计算机绘图、建模与渲染综合应用四个部分,充分展现出AutoCAD软件和3ds Max软件各自的优势,形成独特的互补配合。其光盘课件内容包括:电子教案,视频演示,教学资料及原文件,图片及动画欣赏四个部分,与教程紧密配合,使读者在观摩、欣赏中掌握软件的操作技术,实现软件应用能力的提升。全书理论与实践相结合,以32个完整的应用实训案例使教学内容由浅入深地逐步展开。 |
| ● |
| 相关链接 |
|
|
|
正题名:计算机绘图、建模与演染
索取号:TP391.72/W122
 
预约/预借
| 序号 | 登录号 | 条形码 | 馆藏地/架位号 | 状态 | 备注 |
| 1 | 885096 | 208850965 | 自科库301/301自科库 111排1列2层/ [索取号:TP391.72/W122] | 在馆 | |
| 2 | 885097 | 208850974 | 自科库301/301自科库 111排1列2层/ [索取号:TP391.72/W122] | 在馆 | |
| 3 | 885098 | 208850983 | 自科库301/301自科库 111排1列2层/ [索取号:TP391.72/W122] | 在馆 |